Carta Medellin (Registro nro. 8425)
[ vista simple ]
| 000 -CABECERA | |
|---|---|
| Campo de control | 00808nam a22002057a 4500 |
| 005 - FECHA Y HORA DE LA ULTIMA TRANSACCION | |
| Campo de control | 20140527020002.0 |
| 008 - ELEMENTOS DE LONGITUD FIJA—INFORMACION GENERAL | |
| Campo de control | 140516b2014 ck ||||| |||| 00| 0 spa d |
| 020 ## - ISBN | |
| ISBN | 97895885836501 |
| 041 ## - IDIOMA | |
| Código de idioma para texto/pista de sonido o título separado | Español |
| 044 ## - PAÍS DE PUBLICACIÓN | |
| País de publicación | Colombia |
| 082 04 - NUMERO DE CLASIFICACION DECIMAL DEWEY | |
| Número de clasificación | 711.42 |
| Número del ítem | I87c |
| 245 10 - MENCION DE TITULO | |
| Título | Carta Medellin |
| Parte restante del título | sobre el porvenir humano de las urbes del mundo |
| 260 ## - PUBLICACION, DISTRIBUCION, ETC. (PIE DE IMPRENTA) | |
| Lugar de publicación, distribución, etc. | Medellin |
| Nombre del editor, distribuidor, etc. | Alcaldía de Medellín, Instituto Social de Vivienda y Hábitat |
| -- | Corporación para el Pensamiento Complejo |
| Fecha de publicación, distribución, etc. | 2014 |
| 300 ## - DESCRIPCION FISICA | |
| Extensión | 200 p. |
| Dimensiones | 24 cm. |
| 500 ## - NOTA GENERAL | |
| Nota general | Memorias del Séptimo Foro Urbano Mundial ONU-Habitat celebrado en Medellín, Colombia del 9 al 11 de abril de 2014 |
| 504 ## - NOTA DE BIBLIOGRAFIA, ETC. | |
| Nota de bibliografía | Incluye bibliografía (pag 185 - 198) |
| 650 #4 - ASIENTO SECUNDARIO DE MATERIA - TERMINO TEMATICO | |
| Término temático o nombre geográfico como elemento de entrada | Sostenibilidad urbana |
| Subdivisión general | Planificación |
| 650 #4 - ASIENTO SECUNDARIO DE MATERIA - TERMINO TEMATICO | |
| Término temático o nombre geográfico como elemento de entrada | Ecosistemas urbanos |
| 942 ## - ELEMENTOS ADICIONALES (KOHA) | |
| Sistema de clasificación | Dewey Decimal Classification |
| Tipo de ítem | Impreso |
| Koha issues (borrowed), all copies | 1 |
| Withdrawn status | Lost status | Sistema de Clasificación | Damaged status | No para préstamo | Colección | Inventariado | Ubicación Permanente | Ubicación actual | Fecha de adquisición | Fuente de Valor | Valor | Total Checkouts | Número topográfico | Inventario / Código de Barras | Date last seen | Date checked out | Ejemplar | Price effective from | Forma de adquisición | Tipo de material |
|---|---|---|---|---|---|---|---|---|---|---|---|---|---|---|---|---|---|---|---|---|
| Dewey Decimal Classification | General | Inventariado 2017 | Bogotá | Bogotá | 16/05/2014 | Instituto | 39000.00 | 1 | LB-711.42 I87c | 059588 | 15/12/2014 | 26/05/2014 | Ej. 1 | 16/05/2014 | Libro |